Polacy grający kiedykolwiek w Lidze ukraińskiej . - Statystyki

Ogólne statystyki
  • Ten quiz został rozwiązany 46 razy
  • Średni wynik to 3 z 14
Statystyki odpowiedzi
Klub Pozycja Odpowiedź % Poprawnych
Dynamo Kijów Prawy obrońca Kędziora
90%
Szachtar Donieck i Sewastopol Defensywny pomocnik Lewandowski
79%
Dynamo Kijów Środkowy napastnik Teodorczyk
55%
Arsenal Kijów, Wołyń Łuck i Metalist Lewy obrońca Gancarczyk
33%
Karpaty i FK Charków Bramkarz Nalepa
14%
Arsenal Kijów Środkowy napastnik Kowalczyk
12%
Metallurg Donieck Środkowy obrońca Kowalczyk
12%
Wołyń Łuck Środkowy obrońca Nowak
7%
Karpaty Prawy obrońca Tosik
2%
Metalist Środkowy pomocnik Burkhardt
0%
Tawrija i Metalurg Zaporizhya Defensywny pomocnik Hajduczek
0%
Oleksandria Środkowy napastnik Janczyk
0%
Tawrija Lewy obrońca Klepczarek
0%
Czornomoreć Środkowy obrońca Szymanek
0%
Nie znaleziono quizów pasujących do podanych kryteriów
Rozkład punktacji
Procent ludzi z każdym wynikiem
Percentyl według liczby udzielonych odpowiedzi
Twoja historia wyników
Nie rozwiązałeś tego quizu